| 000 | 00889nam a2200241 a 4500 | ||
|---|---|---|---|
| 001 | BRCA_94 | ||
| 005 | 20190320202857.0 | ||
| 008 | 930409s1992 mx-a---##b---#000-0#spa-# | ||
| 040 |
_aDLC _cDLC _dDLC |
||
| 050 | 4 |
_aND259.G3 _b.L36 1992 |
|
| 100 | 1 |
_aLanda Abrego, María Elena _9357 |
|
| 245 | 1 | 0 |
_aJuan Gerson _btlacuilo _cMaría Elena Landa Abrego. |
| 260 |
_a[Mexico] _bGobierno del Estado de Puebla, Comisión Puebla V Centenario _c1992 |
||
| 300 |
_a103 p. _bil. a color _c31 cm. |
||
| 504 | _aBibliografía: p. 101-103 | ||
| 600 | 1 | 4 |
_aGerson, Juan _dfl. 1561-1592 _xCrítica e interpretación _9358 |
| 610 | 2 | 4 |
_aIglesia de Tecamachalco _zTecamachalco, Puebla (México) _9359 |
| 630 | 0 | 4 |
_aBiblia _xIlustraciones _9360 |
| 650 | 1 | 4 |
_aPintura mural mexicana _zMéxico _9361 |
| 650 | 1 | 4 |
_aArte cristiano y simbolismo _zMéxico _942 |
| 700 | 1 |
_aGerson, Juan _dfl. 1561-1592 _9362 |
|
| 942 |
_2lcc _cB |
||
| 999 |
_c80 _d80 |
||